000 00399nam a22001577a 4500
003 MPLRDC
005 20220104144100.0
008 210129b ||||| |||| 00| 0 eng d
082 _a802.791 LYCB 1993
100 _a不详
245 _aKBSM 中学应用文
_c
260 _a
_b联营出版有限公司
_c1993
300 _b
650 _a华语作文--应用文
942 _cBK
_o802.791 LYCB 1993
999 _c46200
_d46190